[Event "Puerto Lopez op"]
[Site "Puerto Lopez"]
[Date "2021.07.31"]
[Round "2"]
[White "Moreno, Pablo Emilio"]
[Black "Rojas Velasco, John Sebastian"]
[Result "1-0"]
[WhiteElo "1766"]
[BlackElo "1600"]
[PlyCount "22"]
[EventDate "2021.07.31"]
[EventType "swiss"]
[EventRounds "6"]
[EventCountry "COL"]
[SourceTitle "EXT 2022"]
[Source "ChessBase"]
[SourceDate "2021.10.06"]
[SourceVersion "1"]
[SourceVersionDate "2021.10.06"]
[SourceQuality "1"]

1. d4 d5 2. Bf4 Nf6 3. Nf3 c5 4. e3 Nc6 5. b3 e6 6. Bd3 Bd6 7. Nbd2 0-0 8. h4 Qc7 9. Bxd6 Qxd6 10. Qe2 e5 11. dxe5 Nxe5 1-0

[Event "Caqueta Florencia op 5th"]
[Site "Florencia"]
[Date "2018.12.02"]
[Round "3"]
[White "Rios Parra, Alejandro"]
[Black "Moreno, Pablo Emilio"]
[Result "1-0"]
[WhiteElo "2282"]
[BlackElo "1775"]
[PlyCount "74"]
[EventDate "2018.11.30"]
[EventType "swiss"]
[EventRounds "7"]
[EventCountry "COL"]
[SourceTitle "EXT 2020"]
[Source "ChessBase"]
[SourceDate "2019.10.17"]
[SourceVersion "1"]
[SourceVersionDate "2019.10.17"]
[SourceQuality "1"]

1. e4 c5 2. Nf3 d6 3. d4 cxd4 4. Nxd4 a6 5. Nc3 b5 6. Bd3 Bb7 7. f4 e6 8. Qe2 Be7 9. Bd2 Nf6 10. 0-0-0 Qc7 11. g4 Nc6 12. Nxc6 Bxc6 13. g5 Nd7 14. Rhe1 Nc5 15. f5 0-0-0 16. a3 Rhe8 17. Qh5 Nxd3+ 18. cxd3 g6 19. Qxh7 exf5 20. Qxf7 fxe4 21. Qxg6 exd3 22. Kb1 Kb8 23. Rc1 Qb7 24. Qxd3 a5 25. Na2 Bf8 26. Bxa5 Rxe1 27. Rxe1 Re8 28. Rxe8+ Bxe8 29. Bb4 Qh1+ 30. Nc1 Qxh2 31. Qe3 Qh5 32. Ka1 Qf7 33. Ne2 Qd7 34. Kb1 Qc6 35. Nd4 Qh1+ 36. Qe1 Qh5 37. Ne6 Qf7 1-0

[Event "Florencia San Pedrino-Caqueta"]
[Site "Florencia"]
[Date "2015.06.21"]
[Round "7.8"]
[White "Cuellar, Guillermo"]
[Black "Moreno, Pablo Emilio"]
[Result "0-1"]
[WhiteElo "1626"]
[BlackElo "1689"]
[PlyCount "48"]
[EventDate "2015.06.18"]
[EventType "swiss"]
[EventRounds "7"]
[EventCountry "COL"]
[SourceTitle "EXT 2024"]
[Source "ChessBase"]
[SourceDate "2023.10.10"]
[SourceVersion "1"]
[SourceVersionDate "2023.10.10"]
[SourceQuality "1"]

1. d4 e6 2. c4 d5 3. Nc3 Nf6 4. Bf4 a6 5. cxd5 Nxd5 6. Bg3 Bb4 7. Qc2 0-0 8. Nf3 Nd7 9. e3 c5 10. Bd6 Re8 11. dxc5 Nxc3 12. bxc3 Bxc5 13. Rd1 Bxd6 14. Rxd6 Qc7 15. Rd4 e5 16. Rh4 Nf6 17. Bd3 g6 18. 0-0 Kg7 19. Ng5 h6 20. Rc4 Qe7 21. Ne4 b5 22. Rb4 Bb7 23. Nxf6 Qxf6 24. Bc4 Ra7 0-1

[Event "Florencia San Pedrino-Caqueta"]
[Site "Florencia"]
[Date "2015.06.20"]
[Round "6.6"]
[White "Moreno, Pablo Emilio"]
[Black "Trujillo Quesada, Harlinson"]
[Result "0-1"]
[WhiteElo "1689"]
[BlackElo "1773"]
[PlyCount "55"]
[EventDate "2015.06.18"]
[EventType "swiss"]
[EventRounds "7"]
[EventCountry "COL"]
[SourceTitle "EXT 2024"]
[Source "ChessBase"]
[SourceDate "2023.10.10"]
[SourceVersion "1"]
[SourceVersionDate "2023.10.10"]
[SourceQuality "1"]

1. c4 c5 2. Nc3 Nc6 3. g3 g6 4. Bg2 Bg7 5. a3 Nf6 6. Rb1 a5 7. e3 d6 8. Nge2 0-0 9. 0-0 Bg4 10. f3 Bf5 11. e4 Be6 12. d3 Qd7 13. Nf4 Nd4 14. Ncd5 Bxd5 15. exd5 e5 16. dxe6 fxe6 17. Be3 e5 18. Nh3 h6 19. Nf2 d5 20. Qd2 Kh7 21. cxd5 Nxd5 22. Ne4 b6 23. Rbd1 Rad8 24. Nc3 Nxe3 25. Qxe3 Nf5 26. Qe4 Qd4+ 27. Qxd4 exd4 28. Na4 0-1

[Event "Ortega op 5th"]
[Site "Ortega"]
[Date "2015.06.14"]
[Round "5"]
[White "Cespedes Galindo, Estefania"]
[Black "Moreno, Pablo Emilio"]
[Result "0-1"]
[WhiteElo "1763"]
[BlackElo "1689"]
[PlyCount "27"]
[EventDate "2015.06.12"]
[EventType "swiss"]
[EventRounds "7"]
[EventCountry "COL"]
[SourceTitle "CBM 167 Extra"]
[Source "ChessBase"]
[SourceDate "2015.09.14"]
[SourceVersion "1"]
[SourceVersionDate "2015.09.14"]
[SourceQuality "1"]

1. d4 e6 2. Nf3 d5 3. e3 c5 4. c4 Nf6 5. Nbd2 Nc6 6. cxd5 Nxd5 7. Bb5 Bd7 8. 0-0 cxd4 9. e4 Nb6 10. Bxc6 Bxc6 11. Re1 Bb5 12. Nb3 Bb4 13. Bd2 Bxd2 14. Qxd2 0-1